Monetary Policy and Intangible Investment

Investície a ceny akcií firiem s relatívne väčším nehmotným majetkom menej reagujú na menovú politiku. Podobne nehmotné investície menej reagujú na menovú politiku v porovnaní s hmotnými investíciami. Tieto účinky sú najvýraznejšie medzi finančne obmedzenými firmami, čo naznačuje, že podnikový nehmo...

Descripción completa

Guardado en:
Detalles Bibliográficos
Autor principal: Döttling, Robin
Otros Autores: Ratnovski, Lev
Formato: Capítulo de libro
Lenguaje:inglés
Materias:
Etiquetas: Agregar Etiqueta
Sin Etiquetas, Sea el primero en etiquetar este registro!

MARC

LEADER 00000naa a2200000 4500
001 0292364
005 20230515081822.6
041 0 |a eng 
044 |a NL 
245 1 0 |a Monetary Policy and Intangible Investment  |c Robin Döttling, Lev Ratnovski 
520 |a Investície a ceny akcií firiem s relatívne väčším nehmotným majetkom menej reagujú na menovú politiku. Podobne nehmotné investície menej reagujú na menovú politiku v porovnaní s hmotnými investíciami. Tieto účinky sú najvýraznejšie medzi finančne obmedzenými firmami, čo naznačuje, že podnikový nehmotný kapitál oslabuje úverový kanál transmisie menovej politiky. Kľúčovým výsledkom skúmania je, že menová politika má menší vplyv na investície, keď je väčšia časť firemného kapitálu nehmotná. 
610 2 0 |a politika menová 
610 2 0 |a investície 
610 2 0 |a majetok nehmotný 
610 2 0 |a firmy 
610 2 0 |a výnosy 
610 2 0 |a ceny 
610 2 0 |a akcie 
100 1 |a Döttling, Robin 
700 1 |a Ratnovski, Lev